000 00748nam a2200205Ia 4500
003 GCL
008 140319s9999 xx 000 0 ara d
020 _a8323281977
040 _aGCL /
_cGCL
082 0 4 _a352.106
_bس م
100 1 _aسامح فوزى
245 1 0 _aالمنظمة غير الحكومية من الداخل :
_bثقافة جديدة من اجل الفاعلية /
_cسامح فوزى
260 _aالقاهرة :
_bالمكتبة الاكاديمية ،
_c2007
300 _a79 ص ؛
_c26 سم
650 0 4 _aادارة الافراد
650 0 4 _aراس المال
650 0 4 _aالمنظمات غير الحكومية - تنظيم وادارة
650 0 4 _aالمنظمات غير الحكومية
942 _2ddc
_cBK
999 _c9837
_d9837